| 000 | 00464nam a2200169Ia 4500 | ||
|---|---|---|---|
| 999 |
_c19249 _d19249 |
||
| 082 | _aTB.0113 | ||
| 100 | _aBisaliah, S. | ||
| 245 | 0 | _aReserve Bank of India and the institutional financing of industry | |
| 260 |
_c1964 _bUniversity of Mysore |
||
| 300 | _a234 | ||
| 650 |
_aFinancial institutions _zIndia |
||
| 650 | _aReserve bank of India | ||
| 650 |
_aCapital _zIndia |
||
| 650 |
_aBanks and banking _zIndia |
||
| 710 | _aHuchappa, G.T. | ||
| 942 |
_cTH _2ddc |
||